000 00327nam a2200109Ia 4500
008 200302s9999 xx 000 0 und d
100 _aAnthony Speaight & Gregory Stone
245 _aArchitects Legal Handbook : The Law Of Architects --- 5Th Edition
260 _bButterworth & Co. Publishers Ltd
260 _c1990
300 _a323
999 _c4554
_d4554